Možné príčiny vysokých hodnôt "čísla poklesu"

Bibliographic Details
Main Author: Michalík, Ivan, 1936- (Author)
Format: Article
Language:Slovak
PhysicalDescription:Obr.
ISSN:1335-2466
Subjects:

MARC

LEADER 00000nab a2200000 a 4500
001 vtls008954572
003 SK-MaSNL
005 20260304224621.0
008 250505c2006 xo |||||||||||000 b|slo
015 |a SNBRB2007/03  |2 snkbucl 
035 |a (uuid)e5f3908e-5174-4260-8de6-2988d36db873 
035 |a urn:nbn:sk:snk-abzl1 
035 |a (urnnbn)urn:nbn:sk:snk:ar-a04fwm 
038 |a SNKBUCL 
040 |a SNKBUCL  |b slo  |c SNKBUCL  |e AACR2 
041 0 |a slo 
044 |a xo  |c SK 
080 |a 633.11:664.64.016.8  |2 1997 
080 |a 664.64.016.8  |2 1997 
100 1 |a Michalík, Ivan,  |d 1936-  |4 aut  |9 107045 
245 1 0 |a Možné príčiny vysokých hodnôt "čísla poklesu"  |c Ivan Michalík 
300 |b Obr. 
650 0 7 |a pšenica  |2 snkbucl  |9 21833 
650 0 7 |a zrno  |2 snkbucl  |9 872677 
650 0 7 |a kvalita  |2 snkbucl  |9 1150 
650 0 7 |a škrob  |2 snkbucl  |9 21639 
650 0 7 |a alfa-amyláza  |2 snkbucl  |9 335974 
650 0 7 |a číslo poklesu  |2 snkbucl  |9 1484969 
773 0 |t Naše pole  |g Roč. X, č. 12 (2006), s. 20-21  |x 1335-2466 
850 |a Slovenská národná knižnica 
852 |a Slovenská národná knižnica 
954 |a odborná, vedecká literatúra pôvodná (slovenská)  |2 lita 
958 |a article27 
958 |a OND 
958 |a EUIPO 
999 |c 3173337  |d 3175267